000 00206nam a2200073Ia 4500
008 170817s9999 xx 000 0 und d
100 _aSHARMA S.N.
245 0 _aManovigyan Avam Shiksha Mein Prayog + Prikchan
260 _bH. P. BHARGAVA AGRA
999 _c39755
_d39755